000 00275nam a2200121Ia 4500
008 190216s9999||||xx |||||||||||||| ||und||
100 _aDivakaran P A
245 0 _aParutty (novel)
260 _bPoorna Pubs Kozhikode
_c1995
300 _a110
650 _aNovel
942 _cBK
999 _c28251
_d28251